Quality of work life : perspectives for business and the public sector

Bibliographic Details
Main Author: Skrovan, Daniel J. (Author)
Format: Book
Subjects:

MARC

LEADER 00000cam a2200000 7i4500
001 0000008141
005 20021119093000.0
008 021119n
020 |a 0201077558 
090 0 0 |a HD4904   |b .Q34 
245 0 0 |a Quality of work life :   |b perspectives for business and the public sector   |c editor Daniel J. Skrovan 
300 |a 192 p. ; ;   |c 24 cm. 
501 |a Includes bibliographies 
650 0 |a Quality of work life 
700 0 |a Skrovan, Daniel J. ,   |e author 
999 |a 1000011800   |b Book   |c OPEN SHELF (30 DAYS)   |e Gong Badak Campus